| 000 | 01298nam a22002057a 4500 | ||
|---|---|---|---|
| 999 |
_c63464 _d63464 |
||
| 003 | Ge_BSU | ||
| 005 | 20251015144918.0 | ||
| 008 | 251015s1954 ge ||||| |||| 00| 0 geo d | ||
| 041 | _ageo | ||
| 080 | _a631.115.71 : 633.1(479.22)(09) გ-92 | ||
| 100 |
_aგუგუშვილი, პაატა _93880 |
||
| 245 |
_aმარცვლეულის მეურნეობა საქართველოსა და ამიერკავკასიაში, 1801-1920 წ.წ. / _c პაატა გუგუშვილი; საქ. სსრ მეცნ. აკად., ეკონომიკის ინ-ტი. |
||
| 264 |
_aთბილისი : _bსაქ. სსრ მეცნ. აკად. გამ-ბა და სტ., _c1954. |
||
| 300 |
_a216 გვ. ; _b21 სმ. |
||
| 490 | _aმეცნიერულ-პოპულარული ლიტერატურის სერია | ||
| 504 | _aბიბლიოგრ. შენიშვნებში. | ||
| 653 | _aმარცვლეულის მეურნეობები საქართველოში. | ||
| 653 | _aმარცვლეულის მეურნეობები ამიერკავკასიაში. | ||
| 942 |
_2udc _cᲬᲘᲒᲜᲘ |
||